Movies Quiz

Random Movies or Country Quiz
Score 0/25 Timer 08:00
0 Plays Today
Movie Country % Correct
MulanChina
94.4%
Beauty and the BeastFrance
93.5%
101 DalmatiansUnited Kingdom
93.4%
Peter PanUnited Kingdom
92%
HerculesGreece
91.8%
PocahontasUnited States
91.6%
Lilo & StitchUnited States
91.4%
Robin HoodUnited Kingdom
88.5%
Alice in WonderlandUnited Kingdom
87.3%
Pocahontas II: Journey to a New WorldUnited Kingdom
86.5%
The Hunchback of Notre DameFrance
85.8%
Oliver and CompanyUnited States
85.8%
The Sword in the StoneUnited Kingdom
79.9%
Movie Country % Correct
Lady and the TrampUnited States
79.6%
DumboUnited States
79.6%
The Great Mouse DetectiveUnited Kingdom
76.1%
The Rescuers Down UnderAustralia
75.3%
The AristocatsFrance
74.8%
CinderellaFrance
69.3%
PinocchioItaly
68.4%
The RescuersUnited States
68.1%
The Jungle BookIndia
61.8%
The Emperor's New GroovePeru
52.2%
The Little MermaidDenmark
36.1%
Sleeping BeautyBelgium
16.5%
Remove Ads.
Support Sporcle.
Get the best of Sporcle when you Go Orange. This ad-free experience offers more features, more stats, and more fun while also helping to support Sporcle. Thank you for becoming a member.

You're not logged in!

Compare scores with friends on all Sporcle quizzes.
OR
Log In

Show Comments

Extras

Top Quizzes Today


Score Distribution

Your Account Isn't Verified!

In order to create a playlist on Sporcle, you need to verify the email address you used during registration. Go to your Sporcle Settings to finish the process.

Report this User

Report this user for behavior that violates our Community Guidelines.

Details: